[Event "33rd Leon Blitz Open 2020"]
[Site "chess.com INT"]
[Date "2020.07.14"]
[Round "8"]
[White "Hoang, Thi Bao Tram"]
[Black "Hejazipour, Mitra"]
[Result "0-1"]
[WhiteTitle "WGM"]
[BlackTitle "WGM"]
[WhiteElo "2288"]
[BlackElo "2300"]
[WhiteFideId "12401102"]
[BlackFideId "12505951"]
[EventDate "2020.07.14"]
[EventType "blitz"]

1. d4 Nf6 2. c4 e6 3. Nf3 d5 4. e3 Be7 5. Bd3 O-O 6. O-O b6 7. b3 Bb7 8. Bb2 c5
9. Nbd2 Nbd7 10. Ne5 cxd4 11. exd4 Rc8 12. Qe2 Bd6 13. Rfe1 Qe7 14. a3 Rfe8 15.
f3 Nf8 16. Kh1 Ng6 17. Qe3 Nd7 18. Nf1 Ndxe5 19. dxe5 Bc5 20. Qd2 Red8 21. Bxg6
hxg6 22. Qe2 dxc4 23. bxc4 Ba6 24. Rec1 Qh4 25. Rc2 Be7 26. g3 Qh5 27. Rac1 Bb7
28. Kg2 Bg5 29. Rd1 Rxd1 30. Qxd1 Rd8 31. Qe2 Bh6 32. h3 Qf5 33. Rc3 Qb1 34. Ne3
Bxe3 35. Rxe3 Rd1 36. h4 Rh1 37. Qf2 Ba6 38. Re4 Rd1 39. Rd4 Re1 40. h5 gxh5 41.
Qd2 Kh7 42. Rh4 Rg1+ 43. Kf2 Qf1+ 44. Ke3 Rxg3 45. Rf4 Bb7 0-1

[Event "33rd Leon Blitz Open 2020"]
[Site "chess.com INT"]
[Date "2020.07.14"]
[Round "8"]
[White "Eswaran, Aksithi"]
[Black "Matveev, Vladimir3"]
[Result "0-1"]
[WhiteTitle "WCM"]
[BlackTitle "FM"]
[WhiteElo "1745"]
[BlackElo "2368"]
[WhiteFideId "2083485"]
[BlackFideId "24130753"]
[EventDate "2020.07.14"]
[EventType "blitz"]

1. e4 c5 2. Nf3 d6 3. d4 cxd4 4. Nxd4 Nf6 5. Nc3 a6 6. f3 e5 7. Nb3 h5 8. Be3
Be6 9. Qd2 Nbd7 10. O-O-O Rc8 11. h3 h4 12. f4 b5 13. fxe5 dxe5 14. Bg5 Bb4 15.
Bd3 Bxc3 16. bxc3 Qc7 17. Kb2 Ng8 18. Rhf1 f6 19. Be3 Ne7 20. Be2 Nc6 21. Bc5
Na5 22. Bd6 Nc4+ 23. Bxc4 Qxc4 24. Bb4 Kf7 25. Qd6 Rhe8 26. Ra1 Kg8 27. Na5 Qc7
28. Qxc7 Rxc7 29. Bd6 Rcc8 30. Rfd1 Nb6 31. Bb4 Na4+ 32. Kc1 Nxc3 33. Bxc3 Rxc3
34. Rd6 Bf7 35. Kb2 Rec8 36. Rc1 Rg3 37. Rxa6 Rxg2 38. Nc6 Rc7 39. Nb4 Rh2 40.
Ra3 Re2 41. Ra5 Bc4 42. Ra8+ Kh7 43. Rg1 Rxe4 44. Rd8 g5 45. Rd6 Kg6 46. Rf1
Bxf1 0-1

[Event "33rd Leon Blitz Open 2020"]
[Site "chess.com INT"]
[Date "2020.07.14"]
[Round "8"]
[White "Golubev, Mikhail"]
[Black "Harsha, Bharathakoti"]
[Result "0-1"]
[WhiteTitle "GM"]
[BlackTitle "GM"]
[WhiteElo "2461"]
[BlackElo "2509"]
[WhiteFideId "14100983"]
[BlackFideId "5078776"]
[EventDate "2020.07.14"]
[EventType "blitz"]

1. e4 c5 2. Nf3 Nc6 3. Nc3 e5 4. Bc4 Be7 5. d3 d6 6. Nd2 Nf6 7. Nf1 Nd7 8. Ne3
Nb6 9. O-O O-O 10. Ncd5 Bg5 11. Nxb6 axb6 12. c3 Kh8 13. Nd5 Bxc1 14. Rxc1 f5
15. exf5 Bxf5 16. Qb3 Na5 17. Qxb6 Nxc4 18. Qxd8 Rfxd8 19. dxc4 Rxa2 20. Ne3 Bd3
21. Rfd1 e4 22. b4 Rf8 23. f3 h6 24. fxe4 Bxe4 25. bxc5 dxc5 26. Rf1 Rxf1+ 27.
Kxf1 Bd3+ 28. Kg1 Re2 29. Ng4 Bxc4 30. Rd1 b5 31. h3 Rc2 32. Rd8+ Kh7 33. Rd7
Rxc3 34. Nf6+ Kg6 35. Ne8 Bf7 36. Nd6 Rc1+ 37. Kh2 Bc4 38. Ne8 b4 39. Rxg7+ Kf5
40. Nd6+ Ke5 41. Nb7 Bd5 42. Re7+ Kf6 0-1

[Event "33rd Leon Blitz Open 2020"]
[Site "chess.com INT"]
[Date "2020.07.14"]
[Round "8"]
[White "Bluebaum, Matthias"]
[Black "Sanal, Vahap"]
[Result "1-0"]
[WhiteTitle "GM"]
[BlackTitle "GM"]
[WhiteElo "2647"]
[BlackElo "2581"]
[WhiteFideId "24651516"]
[BlackFideId "6300545"]
[EventDate "2020.07.14"]
[EventType "blitz"]

1. d4 Nf6 2. c4 e6 3. Nc3 Bb4 4. e3 O-O 5. Bd2 b6 6. Bd3 Bb7 7. Nf3 Bxc3 8. Bxc3
Ne4 9. Bxe4 Bxe4 10. d5 f6 11. Nd2 Bg6 12. h4 h5 13. g4 Qe8 14. Rg1 e5 15. Qf3
d6 16. Qg3 Rf7 17. O-O-O Nd7 18. f4 exf4 19. exf4 hxg4 20. Qxg4 Bh7 21. h5 Nc5
22. Rg3 Qc8 23. Qxc8+ Rxc8 24. Rdg1 Nd3+ 25. Kd1 Nxf4 26. Rg4 Nd3 27. Rf1 Ne5
28. Rg3 Re8 29. b3 Kf8 30. Rfg1 Nd3 31. Rf1 Ne5 32. Rfg1 Ree7 33. Nf1 Nd3 34.
R1g2 Be4 35. Rh2 Ke8 36. Ne3 Bh7 37. h6 g5 38. Ng4 f5 39. Nf6+ Rxf6 40. Bxf6 f4
41. Rxg5 Re1+ 42. Kd2 Rb1 43. Rg7 Nc5 44. Re2+ Ne4+ 45. Rxe4+ Bxe4 46. Re7+ Kf8
47. Rxe4 Rh1 48. Rxf4 1-0

[Event "33rd Leon Blitz Open 2020"]
[Site "chess.com INT"]
[Date "2020.07.14"]
[Round "8"]
[White "Vitiugov, Nikita"]
[Black "Kuzubov, Yuriy"]
[Result "0-1"]
[WhiteTitle "GM"]
[BlackTitle "GM"]
[WhiteElo "2722"]
[BlackElo "2643"]
[WhiteFideId "4152956"]
[BlackFideId "14112906"]
[EventDate "2020.07.14"]
[EventType "blitz"]

1. d4 Nf6 2. Bg5 d5 3. e3 Bf5 4. c4 e6 5. Nc3 c6 6. cxd5 exd5 7. Qf3 Bg6 8. Bxf6
Qxf6 9. Qxf6 gxf6 10. Nf3 Nd7 11. Nh4 Be7 12. Ne2 f5 13. g3 Bxh4 14. gxh4 Nf6
15. Rg1 Ke7 16. Bh3 Nh5 17. Kd2 Kf6 18. b4 Rhe8 19. Bg2 f4 20. Bf3 fxe3+ 21.
fxe3 Ke7 22. Raf1 Nf6 23. Ng3 Rg8 24. h5 Be4 25. Bxe4 Nxe4+ 26. Nxe4 dxe4 27.
Kc3 Ke6 28. a4 Rad8 29. h6 Rg6 30. Rxg6+ hxg6 31. Rf4 f5 32. b5 g5 33. Rf2 Rh8
34. bxc6 bxc6 35. Kc4 Rxh6 36. Kc5 Rf6 37. Kxc6 f4 38. Kc5 f3 39. Kc4 Rf5 40.
Kc3 g4 41. Kc4 Rh5 42. Kb4 a5+ 43. Kc3 Kd5 44. Kb3 Rh3 45. Kc3 Rh7 46. Kd2 Rb7
47. Kc3 Rb1 48. Rc2 Re1 49. Kb3 Rxe3+ 0-1

[Event "33rd Leon Blitz Open 2020"]
[Site "chess.com INT"]
[Date "2020.07.14"]
[Round "8"]
[White "Svane, Rasmus"]
[Black "Amin, Bassem"]
[Result "0-1"]
[WhiteTitle "GM"]
[BlackTitle "GM"]
[WhiteElo "2613"]
[BlackElo "2686"]
[WhiteFideId "4657101"]
[BlackFideId "10601457"]
[EventDate "2020.07.14"]
[EventType "blitz"]

1. Nf3 f5 2. d3 Nc6 3. e4 e5 4. d4 fxe4 5. Nxe5 Nf6 6. Bc4 d5 7. Bb5 Bd7 8. c4
a6 9. Bxc6 bxc6 10. Nc3 Bd6 11. Bg5 O-O 12. cxd5 cxd5 13. Bxf6 Qxf6 14. O-O Be6
15. f4 c5 16. Rc1 Rac8 17. Ne2 cxd4 18. Qxd4 Qe7 19. Kh1 Bc5 20. Qd2 Qa7 21. Qd1
d4 22. b4 Bb6 23. Nc6 Qd7 24. Ncxd4 Rxc1 25. Qxc1 Bxd4 26. Rd1 Be3 27. Rxd7 Bxc1
28. Rd6 Bxf4 29. Rxe6 Bd2 30. h4 e3 31. Ng3 Rf4 32. Kg1 Rxb4 33. Kh2 Rxh4+ 34.
Kg1 Ra4 35. Nf5 Rxa2 36. Kh2 g6 37. Nd6 Kg7 38. Re7+ Kf6 39. Re8 h5 40. Ne4+ Kf7
41. Nd6+ Kg7 42. Re7+ Kf6 43. Re8 e2 44. Ne4+ Kf7 45. Nd6+ Kg7 46. Re7+ Kf6 47.
Rf7+ Ke6 0-1

[Event "33rd Leon Blitz Open 2020"]
[Site "chess.com INT"]
[Date "2020.07.14"]
[Round "8"]
[White "Tanaka, Taira Tyler"]
[Black "Skuhala, Barbara"]
[Result "1/2-1/2"]
[WhiteTitle "CM"]
[BlackTitle "WFM"]
[WhiteElo "2107"]
[BlackElo "2089"]
[WhiteFideId "7002351"]
[BlackFideId "14605465"]
[EventDate "2020.07.14"]
[EventType "blitz"]

1. e4 c5 2. Nf3 d6 3. d4 cxd4 4. Nxd4 Nf6 5. Nc3 a6 6. Bg5 e6 7. f4 Qb6 8. Nb3
h6 9. Bxf6 gxf6 10. Qd3 Nc6 11. O-O-O Qc7 12. f5 b5 13. Be2 Ne5 14. Qe3 Bb7 15.
fxe6 fxe6 16. Bh5+ Kd8 17. Nc5 Bc8 18. Nd3 Bb7 19. Nxe5 fxe5 20. Rhf1 b4 21. Ne2
Rc8 22. Qd3 Qc4 23. Kb1 Qxd3 24. cxd3 Be7 25. Rf7 Kd7 26. Rdf1 a5 27. Nc1 Ba6
28. Rg7 Rhf8 29. Rff7 Rxf7 30. Rxf7 Rg8 31. g3 a4 32. Bd1 a3 33. Ba4+ Kd8 34.
bxa3 bxa3 35. Kc2 h5 36. Bb3 h4 37. Bxe6 hxg3 38. hxg3 Rxg3 39. Bc4 Bxc4 40.
dxc4 Rg2+ 41. Kb3 Rg1 42. Nd3 Rg4 43. Nf2 Rh4 44. Kxa3 d5+ 45. Ka4 d4 46. Rf5
Bd6 47. c5 Bc7 48. Kb5 Rh6 49. a4 Kc8 50. a5 Kb7 51. Nd3 Rh3 52. Nxe5 Rb3+ 53.
Kc4 Rb1 54. Kxd4 Bxa5 55. Rf7+ Bc7 56. Kd5 Rd1+ 57. Ke6 Re1 58. Kd5 Rd1+ 59. Kc4
Rc1+ 60. Kd4 Rd1+ 61. Nd3 Ra1 62. e5 Ra4+ 63. Kd5 Ra3 64. Nf4 Ra1 65. Ne6 Rd1+
66. Ke4 Re1+ 67. Kf5 Rf1+ 68. Kg6 Rxf7 69. Kxf7 Bxe5 70. Nd8+ Kc7 71. Ke6 Bd4
72. Kd5 Bxc5 1/2-1/2

[Event "33rd Leon Blitz Open 2020"]
[Site "chess.com INT"]
[Date "2020.07.14"]
[Round "8"]
[White "Santos Latasa, Jaime"]
[Black "Bjerre, Jonas Buhl"]
[Result "1/2-1/2"]
[WhiteTitle "GM"]
[BlackTitle "GM"]
[WhiteElo "2575"]
[BlackElo "2549"]
[WhiteFideId "2293307"]
[BlackFideId "1444948"]
[EventDate "2020.07.14"]
[EventType "blitz"]

1. d4 Nf6 2. c4 e6 3. Nc3 Bb4 4. e3 O-O 5. Bd3 c5 6. Ne2 d5 7. cxd5 cxd4 8. exd4
Qxd5 9. O-O Qh5 10. Nf4 Qxd1 11. Rxd1 Rd8 12. Be3 Nc6 13. a3 Bd6 14. d5 exd5 15.
Nfxd5 Nxd5 16. Nxd5 Be6 17. Be4 Rac8 18. b4 f5 19. Bf3 Ne5 20. Be2 Ng4 21. Bxg4
fxg4 22. Bg5 Bxh2+ 23. Kxh2 Rxd5 24. Rxd5 Bxd5 25. Rd1 Bc6 26. Rd8+ Rxd8 27.
Bxd8 Kf7 28. Kg3 h5 29. Bc7 Ke6 30. Bb8 a6 31. f3 gxf3 32. gxf3 Kd5 33. f4 g6
34. Kh4 Kc4 35. Kg5 Be4 36. Bd6 b5 37. Bc7 Kb3 38. Ba5 Kxa3 39. Kh4 Kb3 40. Kg5
Kc4 41. Kh4 Kd3 42. Kg3 Bd5 43. Bc7 Ke4 44. Bd8 Be6 45. Bc7 Kf5 46. Bd8 Bd5 47.
Bc7 Ke6 48. Bd8 Kd7 49. Ba5 Ke6 50. Bc7 Bc6 51. Bd8 Be8 52. Bc7 Kf5 53. Bd8 Bf7
54. Bc7 g5 55. fxg5 Kxg5 56. Bd8+ Kf5 57. Kh4 Ke4 58. Kg5 Kf3 59. Ba5 Kg3 60.
Bc7+ Kh3 61. Kf4 h4 62. Kf3 Bd5+ 63. Kf2 Kg4 64. Kg1 Kh3 65. Kf2 Kg4 66. Kg1 Kh3
67. Kf2 1/2-1/2

[Event "33rd Leon Blitz Open 2020"]
[Site "chess.com INT"]
[Date "2020.07.14"]
[Round "8"]
[White "Wagh, Suyog"]
[Black "Gimenez Aguirre, Alejo Ismael"]
[Result "0-1"]
[WhiteTitle "FM"]
[BlackTitle "IM"]
[WhiteElo "2246"]
[BlackElo "2265"]
[WhiteFideId "25071688"]
[BlackFideId "32041667"]
[EventDate "2020.07.14"]
[EventType "blitz"]

1. c4 e6 2. Nc3 d5 3. cxd5 exd5 4. d4 c6 5. Bf4 Nf6 6. e3 Bd6 7. Bg3 O-O 8. Bd3
Bg4 9. Qc2 Re8 10. Nf3 Na6 11. Ne5 Nb4 12. Qb1 Nxd3+ 13. Nxd3 Bf5 14. Bxd6 Qxd6
15. Qd1 h5 16. h3 Ne4 17. O-O h4 18. Rc1 Re6 19. Nxe4 Bxe4 20. Nc5 Re7 21. Qd2
Qg6 22. f3 Bf5 23. Kh1 Rae8 24. Rfe1 Qg3 25. Qe2 Rxe3 26. Qxe3 Rxe3 27. Rxe3 Qf4
28. Re8+ Kh7 29. Rd1 Bc2 30. Rde1 b6 31. Nd7 Qxd4 32. Ne5 f6 33. Nd7 Bf5 34.
R8e7 Qxb2 35. Nb8 c5 36. Rxa7 d4 37. Ree7 d3 38. Rxg7+ Kh6 39. Rg8 d2 40. Rh8+
Kg5 41. Rd8 Qc1+ 42. Kh2 d1=Q 43. Rg7+ Bg6 44. Rxd1 Qxd1 45. Nd7 Qd6+ 46. Kh1
Kh6 47. Rg8 Qxd7 48. Rd8 Qxd8 0-1

[Event "33rd Leon Blitz Open 2020"]
[Site "chess.com INT"]
[Date "2020.07.14"]
[Round "8"]
[White "Leenhouts, Koen"]
[Black "Bauer, Christian"]
[Result "1-0"]
[WhiteTitle "IM"]
[BlackTitle "GM"]
[WhiteElo "2414"]
[BlackElo "2623"]
[WhiteFideId "1008439"]
[BlackFideId "603767"]
[EventDate "2020.07.14"]
[EventType "blitz"]

1. d4 Nf6 2. c4 Nc6 3. Nf3 e6 4. Nc3 Bb4 5. Qc2 O-O 6. a3 Bxc3+ 7. Qxc3 d6 8. b4
a6 9. Bb2 Re8 10. Rd1 Qe7 11. e3 e5 12. d5 Nb8 13. Nd2 Bf5 14. f3 c6 15. e4 Bd7
16. Be2 cxd5 17. exd5 Bf5 18. O-O Nbd7 19. Qe3 a5 20. Ra1 h6 21. Ne4 Bg6 22.
Rfc1 b6 23. Bf1 Nxe4 24. fxe4 Qh4 25. Bd3 Nf6 26. g3 Qh3 27. Rf1 axb4 28. axb4
Ng4 29. Qd2 h5 30. Rxa8 Rxa8 31. Ra1 Rxa1+ 32. Bxa1 Nf6 33. Qe3 Qg4 34. Be2 Qxe4
35. Qxe4 Bxe4 36. c5 bxc5 37. bxc5 dxc5 38. Bxe5 Nxd5 39. Bxh5 c4 40. Kf2 f6 41.
Bb2 g6 42. Bf3 Bxf3 43. Kxf3 f5 44. h4 Kf7 45. g4 c3 46. Bc1 Nb4 47. h5 fxg4+
48. Kxg4 1-0

[Event "33rd Leon Blitz Open 2020"]
[Site "chess.com INT"]
[Date "2020.07.14"]
[Round "8"]
[White "Xu, Yuanyuan"]
[Black "Demin, Vladimir"]
[Result "1-0"]
[WhiteTitle "WGM"]
[BlackTitle "IM"]
[WhiteElo "2317"]
[BlackElo "2430"]
[WhiteFideId "8601089"]
[BlackFideId "4167457"]
[EventDate "2020.07.14"]
[EventType "blitz"]

1. d4 Nf6 2. c4 e5 3. dxe5 Ng4 4. e3 Nxe5 5. f4 Ng6 6. a3 a5 7. h4 Nxh4 8. e4
Bc5 9. f5 Qe7 10. Qg4 d6 11. Bg5 Qe5 12. Nc3 Nxf5 13. O-O-O Ne7 14. Qh4 Ng6 15.
Nf3 Qxc3+ 16. bxc3 Nxh4 17. Nxh4 Bxa3+ 18. Kc2 Be6 19. Nf5 Bxf5 20. exf5 Nd7 21.
Re1+ Ne5 22. f6 g6 23. Bh6 Kd7 24. Bg7 Rhe8 25. Rxh7 Bc5 26. Bh6 a4 27. Bf4 Ke6
28. Bg5 a3 29. g3 Kd7 30. Bh3+ Kc6 31. Bf4 a2 32. Ra1 Rh8 33. Rxh8 Rxh8 34. Bg2+
Kb6 35. Rxa2 Rh2 36. Rb2+ Ka6 37. Kb1 Nxc4 38. Bxb7+ Ka7 39. Rxh2 Kxb7 40. Rh7
Ne5 41. Bxe5 dxe5 42. Rxf7 Kc6 43. Rg7 Kd6 44. Rxg6 Ke6 45. Kc2 Kf7 46. Rg7+
Kxf6 47. Rxc7 Bd6 48. Rc6 Ke7 49. Kd3 1-0

[Event "33rd Leon Blitz Open 2020"]
[Site "chess.com INT"]
[Date "2020.07.14"]
[Round "8"]
[White "Le, Tuan Minh"]
[Black "Maly, Alexey"]
[Result "1/2-1/2"]
[WhiteTitle "IM"]
[BlackTitle "IM"]
[WhiteElo "2501"]
[BlackElo "2371"]
[WhiteFideId "12401153"]
[BlackFideId "14103184"]
[EventDate "2020.07.14"]
[EventType "blitz"]

1. d4 d5 2. Nf3 Nf6 3. Bf4 e6 4. e3 Bd6 5. c3 c5 6. Nbd2 Qc7 7. Bxd6 Qxd6 8. Ne5
O-O 9. Bd3 b6 10. O-O Ba6 11. Bxa6 Nxa6 12. Qa4 Nc7 13. Rfd1 Nce8 14. Rac1 Qe7
15. c4 cxd4 16. exd4 dxc4 17. Rxc4 Nd6 18. Rc6 Nf5 19. Ndf3 Nd5 20. g3 h6 21. a3
Rfc8 22. Rdc1 Rxc6 23. Rxc6 Qe8 24. Qc2 f6 25. Nd3 Rd8 26. b4 Qd7 27. b5 Nfe7
28. Rc4 Qxb5 29. a4 Qd7 30. Qe2 Nf5 31. h4 Nd6 32. Rc1 Rc8 33. Ra1 Rc3 34. a5
Kh7 35. axb6 axb6 36. Nde1 b5 37. h5 b4 38. Nh4 b3 39. Ng6 Qc8 40. Nd3 Nf5 41.
Qe4 Nd6 42. Qe2 Nf5 43. Qe4 b2 44. Nxb2 Rc1+ 45. Rxc1 Qxc1+ 46. Kg2 Qxb2 47.
Qxe6 Nfe3+ 48. Kh3 Nf4+ 49. gxf4 Qxf2 50. Nf8+ Kh8 51. Ng6+ Kh7 52. Nf8+ Kh8 53.
Ng6+ Kh7 1/2-1/2

[Event "33rd Leon Blitz Open 2020"]
[Site "chess.com INT"]
[Date "2020.07.14"]
[Round "8"]
[White "Tregubov, Pavel V."]
[Black "Navalgund, Niranjan"]
[Result "1-0"]
[WhiteTitle "GM"]
[BlackTitle "FM"]
[WhiteElo "2560"]
[BlackElo "2289"]
[WhiteFideId "4115341"]
[BlackFideId "5030854"]
[EventDate "2020.07.14"]
[EventType "blitz"]

1. e4 e5 2. Nf3 Nc6 3. Bb5 g6 4. d4 exd4 5. Bg5 Be7 6. Bxe7 Qxe7 7. O-O Nf6 8.
Re1 a6 9. Bc4 d6 10. Nxd4 Bd7 11. Nc3 O-O-O 12. Nxc6 Bxc6 13. Nd5 Bxd5 14. exd5
Qd7 15. Qd4 Qf5 16. Qa7 Nxd5 17. Qa8+ Kd7 18. Qxb7 Ne7 19. Qxa6 Rb8 20. Qa4+ Kd8
21. Bd3 Qc5 22. Qf4 f5 23. b3 Re8 24. a4 c6 25. Qh4 h5 26. Qg5 Qd4 27. h3 Kd7
28. a5 Nd5 29. Qxg6 Re5 30. Bxf5+ Kc7 31. Qf7+ Ne7 32. Rad1 Qc3 33. Rxe5 Qxe5
34. Be6 Qg5 35. f4 Qc5+ 36. Kh2 d5 37. a6 Kd6 38. Qf6 Kc7 39. a7 Ra8 40. Re1
Rxa7 41. Bf7 Kd8 42. Bxh5 Rd7 43. Bg4 Qf2 44. Re2 Qf1 45. Qf8+ Kc7 46. Rxe7 Rxe7
47. Qxe7+ Kb6 48. Qb4+ Kc7 49. Qe7+ Kb6 50. Qe3+ Kc7 51. Bf3 Kb7 52. h4 Qa1 53.
c4 Qf6 54. g3 d4 55. Qe4 Ka7 56. h5 d3 57. Qxd3 Qb2+ 58. Bg2 Kb6 59. Qe3+ Kb7
60. Qf3 Ka7 61. Qxc6 Qxb3 62. Qa8+ Kb6 63. Qb7+ Ka5 64. Qxb3 1-0

[Event "33rd Leon Blitz Open 2020"]
[Site "chess.com INT"]
[Date "2020.07.14"]
[Round "8"]
[White "Efimenko, Zahar"]
[Black "Skliarov, Viktor"]
[Result "1-0"]
[WhiteTitle "GM"]
[BlackTitle "IM"]
[WhiteElo "2602"]
[BlackElo "2376"]
[WhiteFideId "14107201"]
[BlackFideId "14106736"]
[EventDate "2020.07.14"]
[EventType "blitz"]

1. Nf3 g6 2. d4 Bg7 3. e4 d6 4. Bc4 Nf6 5. Qe2 c6 6. e5 Nd5 7. O-O O-O 8. h3 Nd7
9. Re1 dxe5 10. dxe5 N7b6 11. Bd3 Nb4 12. Be4 Be6 13. c3 Bc4 14. Qe3 N4d5 15.
Qg5 f5 16. Bc2 Nc7 17. Qh4 Ne6 18. Bh6 Qe8 19. Nbd2 Bd5 20. Bb3 Bxb3 21. axb3
Qf7 22. Ng5 Nxg5 23. Bxg5 e6 24. Nf3 Rfe8 25. Bf6 h6 26. Bxg7 Kxg7 27. Rad1 Qe7
28. Qg3 Rad8 29. Rd4 c5 30. Rd6 Nc8 31. Nh4 g5 32. Rxd8 Rxd8 33. Nf3 Qd7 34. h4
g4 35. Nh2 Ne7 36. f3 h5 37. Qf4 Qd2 38. Qxd2 Rxd2 39. Rb1 g3 40. Nf1 Re2 41.
Nxg3 Rxe5 42. Nxh5+ Kh6 43. Nf4 Ng6 44. Nxg6 Kxg6 45. Kf2 Kh5 46. g3 f4 47. gxf4
Rf5 48. Kg3 Rf8 49. Re1 Rg8+ 50. Kf2 Kg6 51. Rxe6+ Kf5 52. Re5+ Kxf4 53. Rxc5
Rd8 54. Rc4+ Kf5 55. Rd4 Rg8 56. b4 b6 57. Rd7 1-0

[Event "33rd Leon Blitz Open 2020"]
[Site "chess.com INT"]
[Date "2020.07.14"]
[Round "8"]
[White "Motylev, Alexander"]
[Black "Bartel, Mateusz"]
[Result "0-1"]
[WhiteTitle "GM"]
[BlackTitle "GM"]
[WhiteElo "2641"]
[BlackElo "2648"]
[WhiteFideId "4121830"]
[BlackFideId "1112635"]
[EventDate "2020.07.14"]
[EventType "blitz"]

1. e4 e5 2. Nc3 Nf6 3. Bc4 Bc5 4. d3 d6 5. Bg5 Be6 6. Qf3 Nbd7 7. Nge2 h6 8.
Bxf6 Qxf6 9. Qxf6 Nxf6 10. Bxe6 fxe6 11. Na4 Bb6 12. h4 Ba5+ 13. Nac3 c6 14. f3
d5 15. O-O-O O-O 16. g4 Nd7 17. Rh3 b5 18. Rg1 Bb6 19. Rg2 Rf7 20. g5 h5 21. Nb1
Raf8 22. Nd2 g6 23. Kd1 a5 24. a4 bxa4 25. Nc3 Be3 26. Nxa4 Bxd2 27. Kxd2 Rxf3
28. Rxf3 Rxf3 29. Rh2 Kf7 30. Ke2 Rf4 31. Ke3 Ke7 32. c3 Kd6 33. Rh1 Rg4 34. Kf3
c5 35. b3 Nb8 36. Nb2 Nc6 37. Nd1 d4 38. c4 Nb4 39. Nf2 Rf4+ 40. Ke2 Kc6 41. Rh2
Kb6 42. Rh1 Ka6 43. Rh2 a4 44. bxa4 Ka5 45. Rh1 Kxa4 46. Ra1+ Kb3 47. Ra5 Kc2
48. Ra3 Rxh4 49. Ra8 Rh2 50. Kf3 Rxf2+ 51. Kxf2 Nxd3+ 52. Kf3 Nb2 53. Rd8 d3 54.
Rd7 d2 55. Ke2 d1=Q+ 0-1

[Event "33rd Leon Blitz Open 2020"]
[Site "chess.com INT"]
[Date "2020.07.14"]
[Round "8"]
[White "Parnali, S Dharia"]
[Black "Nguyen, Thi Thanh An"]
[Result "0-1"]
[WhiteTitle "WIM"]
[BlackTitle "WGM"]
[WhiteElo "2243"]
[BlackElo "2285"]
[WhiteFideId "5043131"]
[BlackFideId "12400300"]
[EventDate "2020.07.14"]
[EventType "blitz"]

1. d4 d5 2. c4 e6 3. Nf3 c6 4. Qc2 Nf6 5. Nbd2 Nbd7 6. g3 Bd6 7. Bg2 O-O 8. O-O
Re8 9. Rd1 Qe7 10. e4 dxe4 11. Nxe4 Nxe4 12. Qxe4 e5 13. dxe5 Nxe5 14. Bf4 Nxf3+
15. Qxf3 Bxf4 16. Qxf4 Be6 17. b3 Rad8 18. Be4 g6 19. h4 h5 20. Re1 Qc5 21. Re2
Rd4 22. Qf6 Qd6 23. Rae1 Bg4 24. Qxd6 Rxd6 25. f3 Bd7 26. c5 Rd4 27. Kf2 Re5 28.
Rc1 Kg7 29. a3 Be6 30. b4 Bc4 31. Rec2 Bd5 32. Bxd5 Rexd5 33. Re1 Rd3 34. Re3
Kf6 35. Rce2 Rxe3 36. Kxe3 Re5+ 37. Kf2 Rxe2+ 38. Kxe2 Ke5 39. Ke3 f6 40. g4 f5
41. gxf5 gxf5 42. f4+ Kd5 43. Kd3 a5 44. bxa5 Kxc5 45. a6 bxa6 46. Kc3 a5 47.
Kd3 Kd5 48. Kc3 c5 49. Kd3 c4+ 50. Kc3 Kc5 51. a4 Kd5 52. Kc2 Kd4 53. Kd2 c3+
54. Kc2 Kc4 55. Kc1 Kb3 56. Kb1 Kxa4 57. Kc2 Kb4 58. Kc1 Kc4 59. Kc2 a4 60. Kc1
a3 61. Kc2 a2 0-1

[Event "33rd Leon Blitz Open 2020"]
[Site "chess.com INT"]
[Date "2020.07.14"]
[Round "8"]
[White "Ortega Amarelle, Mariano"]
[Black "Schwabeneder, Florian"]
[Result "0-1"]
[WhiteTitle "IM"]
[BlackTitle "IM"]
[WhiteElo "2458"]
[BlackElo "2431"]
[WhiteFideId "3504301"]
[BlackFideId "1626191"]
[EventDate "2020.07.14"]
[EventType "blitz"]

1. e4 c6 2. d4 d5 3. exd5 cxd5 4. c3 Nc6 5. Bd3 Qc7 6. h3 g6 7. Nf3 Bf5 8. Be2
Nf6 9. O-O Bg7 10. Be3 O-O 11. Nbd2 Ne4 12. Re1 f6 13. Nxe4 Bxe4 14. Nd2 Bf5 15.
c4 Be6 16. Bf3 Rad8 17. cxd5 Bxd5 18. Bxd5+ Rxd5 19. Qb3 Rd8 20. Ne4 Na5 21. Qa4
b6 22. Nc3 R5d7 23. Rac1 Qc6 24. Nb5 Qd5 25. Nc7 Qf7 26. d5 Rxd5 27. Nxd5 Rxd5
28. Red1 h5 29. b4 Rxd1+ 30. Qxd1 Nc4 31. Qd8+ Kh7 32. Qc7 Nxe3 33. fxe3 Qe6 34.
Kf2 Bh6 35. Qc3 Qxa2+ 36. Rc2 Qe6 37. b5 f5 38. Qd3 h4 39. Rc7 Bg7 40. Rxa7 Bf6
41. Ra4 Kg7 42. Rc4 Qe5 43. Rf4 Qb2+ 44. Qe2 Qe5 45. Qc4 Bg5 46. Qd4 Bxf4 47.
Qxf4 Qxf4+ 48. exf4 Kf6 49. g3 hxg3+ 50. Kxg3 e5 51. h4 e4 52. Kf2 Ke6 53. Ke3
Kd5 0-1

[Event "33rd Leon Blitz Open 2020"]
[Site "chess.com INT"]
[Date "2020.07.14"]
[Round "8"]
[White "Elgersma, Onno"]
[Black "Leiva, Giuseppe"]
[Result "1-0"]
[WhiteTitle "FM"]
[BlackTitle "IM"]
[WhiteElo "2298"]
[BlackElo "2391"]
[WhiteFideId "1053531"]
[BlackFideId "3804399"]
[EventDate "2020.07.14"]
[EventType "blitz"]

1. e4 c5 2. Nf3 d6 3. Bb5+ Nd7 4. d4 Nf6 5. Nc3 cxd4 6. Qxd4 e5 7. Qd3 h6 8. a4
Be7 9. Nd2 O-O 10. Bxd7 Bxd7 11. Nc4 Be6 12. Ne3 Rc8 13. O-O Qd7 14. a5 Rc6 15.
Ncd5 Bxd5 16. exd5 Rc7 17. c4 Rfc8 18. Bd2 e4 19. Qe2 Nh7 20. b3 f5 21. Nc2 Bf6
22. Rad1 g5 23. Be3 Re8 24. Bxa7 f4 25. Qh5 Kg7 26. Bd4 Rcc8 27. Rfe1 Bxd4 28.
Nxd4 Nf6 29. Qe2 f3 30. gxf3 Qh3 31. fxe4 Ng4 32. f3 Ne5 33. Qg2 Qh5 34. Nf5+
Kh7 35. Nxd6 Nxf3+ 36. Kh1 Nxe1 37. Rxe1 Qh4 38. Rf1 Rf8 39. Nxc8 Rxf1+ 40. Qxf1
Qxe4+ 41. Kg1 Qg4+ 42. Kf2 Qxc8 43. Qd3+ Kg7 44. d6 Qc5+ 45. Ke2 Qe5+ 46. Kd1
Qa1+ 47. Kc2 Qa2+ 48. Kc3 Qxa5+ 49. Kd4 b6 50. d7 Qc5+ 51. Ke4 Qe7+ 52. Kf3 Qf8+
53. Kg2 Qd8 54. Qd6 Kf7 55. Kg3 h5 56. h3 g4 57. hxg4 hxg4 58. Kxg4 Qg8+ 59. Kf4
Qd8 60. Kf5 Kg8 61. Qg6+ Kf8 62. Qf6+ Qxf6+ 63. Kxf6 Kg8 64. d8=Q+ Kh7 65. Qe7+
Kh6 66. Qg7+ Kh5 67. Qg5# 1-0

[Event "33rd Leon Blitz Open 2020"]
[Site "chess.com INT"]
[Date "2020.07.14"]
[Round "8"]
[White "Buksa, Nataliya"]
[Black "Vinter-Schou, Uffe"]
[Result "1-0"]
[WhiteTitle "IM"]
[BlackTitle "IM"]
[WhiteElo "2410"]
[BlackElo "2349"]
[WhiteFideId "14123622"]
[BlackFideId "1400568"]
[EventDate "2020.07.14"]
[EventType "blitz"]

1. d4 Nf6 2. Nc3 d5 3. Bf4 e6 4. Nf3 Bb4 5. a3 Bxc3+ 6. bxc3 Nbd7 7. g3 Nb6 8.
Bg2 O-O 9. O-O Bd7 10. Ne5 Bb5 11. Qd2 Ne4 12. Bxe4 dxe4 13. Rfb1 a6 14. a4 Nxa4
15. c4 Be8 16. Rxb7 f6 17. Ng4 Rf7 18. Qe3 h5 19. Nxf6+ gxf6 20. c5 Bc6 21. Rb4
Qd7 22. Qb3 Kg7 23. Be3 Qd5 24. Rbxa4 Qxb3 25. cxb3 Bxa4 26. Rxa4 c6 27. Rb4
Rfa7 28. Rb6 Rc8 29. h3 a5 30. Kg2 a4 31. bxa4 Rxa4 32. g4 hxg4 33. hxg4 Ra2 34.
Kg3 Rxe2 35. Kf4 Kg6 36. Kxe4 Ra2 37. f4 f5+ 38. Kf3 Ra3 39. g5 Kh5 40. Rb7 Kg6
41. Re7 Rh8 42. Rxe6+ Kg7 43. Re5 Kg6 44. Re6+ Kf7 45. Re5 Kg6 46. Kg3 Rd8 47.
Kf2 Rb8 48. Re6+ Kg7 49. Re7+ Kf8 50. Re5 Rb2+ 51. Kf3 Rbb3 52. Rxf5+ Kg7 53.
Re5 Rd3 54. f5 Rxd4 55. Re7+ Kf8 56. f6 Rd5 57. Kg4 Ra1 58. g6 Ra4+ 59. Bf4 Rd8
60. Kf5 Rd5+ 61. Be5 Rd8 62. g7+ Kg8 63. f7+ Kh7 64. f8=Q Rxf8+ 65. gxf8=N+ Kg8
66. Ng6 Rf4+ 67. Nxf4 1-0